Yearbook of science and the future. 1976, 1977 and 1978 (Record no. 25801)

MARC details
000 -LEADER
fixed length control field 00307nam a2200109Ia 4500
082 ## - DEWEY DECIMAL CLASSIFICATION NUMBER
Classification number 5(058)
Item number CAL
245 #0 - TITLE STATEMENT
Title Yearbook of science and the future. 1976, 1977 and 1978
260 ## - PUBLICATION, DISTRIBUTION, ETC. (IMPRINT)
Place of publication Chicago
Name of publisher Encyclopedia Britannica
700 ## - ADDED ENTRY--PERSONAL NAME
Personal name Calhoun, David
942 ## - ADDED ENTRY ELEMENTS (KOHA)
Koha item type Books
Holdings
Withdrawn status Lost status Damaged status Not for loan Home library Current library Date acquired Full call number Accession Number Koha item type
        RRII Library RRII Library 16/12/2021 5(058) CAL 06447 Books